00744nam a2200169Ia 4500003000900000008004100009020001800050040001600068080002300084111007500107245025100182260004100433300001600474490004500490650002000535700001900555IN-BaIIA211028s9999 xx 000 0 eng d a4-946443-22-3 cIIA Library a52-735(082.2)bNEW aInternational Conference of the X-Ray AstronomycJapand1994 Mar. 8-11 0aNew horizon of x-ray astronomybproceedings of the International conference of the x-ray astronomy held in Tokyo Metropolitan University, Japan, March 8-11, 1994cedited by H. Makino and T. ohashi  aTokyobUniversal Academy Pressc1994 aIxvi, 683p. aFrontier science series; no. 12 (FSS-12) aX-ray astronomy aohashi, T., ed